000 00299nam a22001337a 4500
008 170921b xxu||||| |||| 00| 0 eng d
020 _a9780072414264
041 _aeng
080 _24TH
_a78
100 _a45
101 _aMUZ
245 _aAMERICA'S MUSICAL LANDSCAPE
_cFERRIS,J
942 _2udc
_cBK
999 _c28677
_d28677